Vzájomný vplyv podnikovej kultúry a vedenia ľudí diplomová práca

Enregistré dans:
Détails bibliographiques
Auteur principal: Krížiková, Bianka
Collectivité auteur: Fakulta podnikového manažmentu EU. Katedra manažmentu
Autres auteurs: Skorková, Zuzana, 1979-
Format: Livre
Langue:slovaque
Publié: Bratislava 2025
Tags: Ajouter un tag
Pas de tags, Soyez le premier à ajouter un tag!

MARC

LEADER 00000nbm a2200000 4500
001 0309723
005 20251217135622.4
041 0 |a slo 
044 |a SK 
245 1 0 |a Vzájomný vplyv podnikovej kultúry a vedenia ľudí  |b diplomová práca  |c Bianka Krížiková ; školiteľ: Zuzana Skorková 
264 1 |a Bratislava  |c 2025 
300 |a 80 s. 
100 1 |a Krížiková, Bianka 
700 1 |a Skorková, Zuzana, 1979- 
710 2 |a Fakulta podnikového manažmentu EU. Katedra manažmentu